书目信息 |
| 题名: |
高等学校英语专业八级考试快速通关
|
|
| 作者: | 总主编方振宇 总主编 ;胡燕 主编 | |
| 分册: | ||
| 出版信息: | 北京 外语教学与研究出版社 2011.02 |
|
| 页数: | 341页 | |
| 开本: | 26cm | |
| 丛书名: | 振宇英语 | |
| 单 册: | ||
| 中图分类: | H310.42 | |
| 科图分类: | ||
| 主题词: | 英语--ying yu--高等学校--水平考试--试题 | |
| 电子资源: | ||
| ISBN: | 978-7-5600-8129-8 | |
| 000 | 01420nam 2200313 450 | |
| 001 | B20110028449 | |
| 005 | 20110712090445.34 | |
| 010 | @a978-7-5600-8129-8@dCNY39.90 (含光盘) | |
| 010 | @a978-7-89478-125-3@b光盘 | |
| 100 | @a20090605d2011 km y0chiy50 ea | |
| 101 | 0 | @achi@aeng |
| 102 | @aCN@b110000 | |
| 105 | @ak z 000yy | |
| 106 | @ar | |
| 200 | 1 | @a高等学校英语专业八级考试快速通关@Agao deng xue xiao ying yu zhuan ye ba ji kao shi kuai su tong guan@e历年真题(2001-2010)@f总主编方振宇@Fzong zhu bian fang zhen yu@g主编胡燕 |
| 210 | @a北京@c外语教学与研究出版社@d2011.02 | |
| 215 | @a341页@d26cm@e光盘1片 | |
| 225 | 2 | @a振宇英语@Azhen yu ying yu |
| 330 | @a本书收集了从2001年到2010年的真题,每套真题均原汁原味地保留了试卷特色,并附有答案详解与听力原文。这样读者做完试卷后就可以迅速便捷地检查自己的测试成绩,然后就错题有选择性地查阅解析。本书解析全面详实,对新闻听力与阅读理解部分还给出了比较准确的参考译文,旨在帮助大家更好地理解文章大意,也可通过译文大意更好地分析文中的长难句含义。 | |
| 333 | @a英语爱好者 | |
| 410 | 0 | @12001 @a振宇英语 |
| 517 | 1 | @a历年真题(2001-2010)@Ali nian zhen ti(2001-2010) |
| 586 | @a | |
| 606 | 0 | @a英语@Aying yu@x高等学校@x水平考试@j试题 |
| 690 | @aH310.42@v5 | |
| 701 | 0 | @a总主编方振宇@Azong zhu bian fang zhen yu@4总主编@a总主编方振宇@Azong zhu bian fang zhen yu |
| 702 | 0 | @a胡燕@Ahu yan@4主编 |
| 801 | 0 | @aCN@c20110610 |
| 905 | @dH310.42@eF2702@f3 | |
| 高等学校英语专业八级考试快速通关:历年真题(2001-2010)/总主编方振宇/主编胡燕.-北京:外语教学与研究出版社,2011.02 |
| 341页;26cm+光盘1片.-(振宇英语) |
| 使用对象:英语爱好者 |
| ISBN 978-7-5600-8129-8:CNY39.90 (含光盘) |
| 本书收集了从2001年到2010年的真题,每套真题均原汁原味地保留了试卷特色,并附有答案详解与听力原文。这样读者做完试卷后就可以迅速便捷地检查自己的测试成绩,然后就错题有选择性地查阅解析。本书解析全面详实,对新闻听力与阅读理解部分还给出了比较准确的参考译文,旨在帮助大家更好地理解文章大意,也可通过译文大意更好地分析文中的长难句含义。 |
| ● |
| 相关链接 |
|
|
|
正题名:高等学校英语专业八级考试快速通关
索取号:H310.42/F2702
 
预约/预借
| 序号 | 登录号 | 条形码 | 馆藏地/架位号 | 状态 | 备注 |
| 1 | 882523 | 208825235 | 语言库209/209语言库 96排2列2层/ [索取号:H310.42/F2702] | 在馆 | |
| 2 | 882524 | 208825244 | 自科二线504/504自科库 23排2列4层/ [索取号:H310.42/F2702] | 在馆 | |
| 3 | 882525 | 208825253 | 语言库209/209语言库 96排2列2层/ [索取号:H310.42/F2702] | 在馆 |